01191nam a2200301Ia 4500001001200000003000800012006001900020007001500039008004100054020001800095020001800113040002100131035002100152050002400173100002700197245012400224260006100348300001800409440003500427504004100462533015200503650002200655650002300677655002900700710001700729856012600746999001700872ebr10627131CaPaEBRm u cr cn|||||||||121206s2012 dcua sb 000 0 eng d z9781475505269 z9781475548419 aCaPaEBRcCaPaEBR a(OCoLC)80013133214aHB3722b.A35 2012eb1 aAdler, Gustavo,d1974-10aIntertwined sovereign and bank solvencies in a model of self-fulfilling crisish[electronic resource] /cGustavo Adler. aWashington, D.C. :bInternational Monetary Fund,cc2012. a27 p. :bill. 0aIMF working paper ;vWP/12/178 aIncludes bibliographical references. aElectronic reproduction.bPalo Alto, Calif. :cebrary,d2011.nAvailable via World Wide Web.nAccess may be limited to ebrary affiliated libraries. 0aFinancial crises. 0aBanks and banking. 7aElectronic books.2local2 aebrary, Inc.40uhttp://site.ebrary.com/lib/rucke/Doc?id=10627131zAn electronic book accessible through the World Wide Web; click to view c66637d66637